Velada artístico-literaria celebrada en honor de Santa Teresa de Jesús la noche del 17 de octubre de 1882 / (Record no. 162700)
[ view plain ]
| 000 -LEADER | |
|---|---|
| campo de control de longitud fija | 00960nam a22002172i 4500 |
| 001 - NÚMERO DE CONTROL | |
| campo de control | 162700 |
| 003 - IDENTIFICADOR DE NÚMERO DE CONTROL | |
| campo de control | ES-MaACL |
| 005 - FECHA Y HORA DE LA ÚLTIMA TRANSACCIÓN | |
| campo de control | 20230906212601.0 |
| 008 - DATOS DE LONGITUD FIJA--INFORMACIÓN GENERAL | |
| campo de control de longitud fija | 930505s1882 sp |||| | spa d |
| 040 ## - FUENTE DE CATALOGACIÓN | |
| Centro catalogador/agencia de origen | CAT |
| Lengua de catalogación | spa |
| Centro/agencia transcriptor | CAT |
| Centro/agencia modificador | CCPB |
| 043 ## - CÓDIGO DE ÁREA GEOGRÁFICA | |
| Código de área geográfica | e-sp |
| 100 1# - ENTRADA PRINCIPAL--NOMBRE DE PERSONA | |
| Nombre de persona | Puig y Boronat, Jose. |
| 9 (RLIN) | 131417 |
| 245 10 - MENCIÓN DEL TÍTULO | |
| Título | Velada artístico-literaria celebrada en honor de Santa Teresa de Jesús la noche del 17 de octubre de 1882 / |
| Mención de responsabilidad, etc. | discurso leído por el socio José Puig y Boronat. |
| 260 ## - PUBLICACIÓN, DISTRIBUCIÓN, ETC. | |
| Lugar de publicación, distribución, etc. | Valencia : |
| Nombre del editor, distribuidor, etc. | [s.n.], |
| Fecha de publicación, distribución, etc. | 1882 ( |
| Fabricante | Impr. de Manuel Alufre) |
| 300 ## - DESCRIPCIÓN FÍSICA | |
| Extensión | 26 p. ; |
| Dimensiones | 23 cm. |
| 594 ## - Nota al título y mención de responsabilidad | |
| Nota al título y mención de responsabilidad | En la parte sup. de la port.: Ateneo de Valencia. |
| 600 04 - PUNTO DE ACCESO ADICIONAL DE MATERIA--NOMBRE DE PERSONA | |
| Nombre de persona | Teresa de Jesús, |
| Títulos y otros términos asociados al nombre | Santa, |
| Fechas asociadas al nombre | 1515-1582- |
| Subdivisión general | Crítica e interpretación |
| 9 (RLIN) | 109738 |
| 710 2# - ENTRADA AGREGADA--NOMBRE DE ENTIDAD CORPORATIVA | |
| Nombre de entidad corporativa o nombre de jurisdicción como elemento de entrada | Ateneo Científico-Literario de Valencia. |
| 9 (RLIN) | 170945 |
| 852 ## - LOCALIZACIÓN | |
| Ubicación | ES-MaACL |
| Número de control de estantería | T-352-F-22 |
| Nota libre | -- Enc. hol., falto de la cub. original |
| -- | -- Enc. con otras obras formando un vol. facticio |
| Estatus retirado | Estado de pérdida | Estado de daño | No para préstamo | Colección | Biblioteca de origen | Biblioteca actual | Ubicación en estantería | Fecha de adquisición | Total de préstamos | Signatura topográfica completa | Código de barras | Visto por última vez | Precio de reemplazo | Tipo de ítem Koha |
|---|---|---|---|---|---|---|---|---|---|---|---|---|---|---|
| Colección de folletos | Biblioteca del Ateneo de Madrid | Biblioteca del Ateneo de Madrid | Depósito folletos | 17/01/2008 | T-352-F-22 | 1170456 | 23/02/2023 | 23/02/2023 | Folleto |
